Central Library OPAC University of Rajshahi

Principles of money, banking, and financial markets / (Record no. 58742)

MARC details
000 -LEADER
fixed length control field 00787nam a2200265 a 4500
001 - CONTROL NUMBER
control field 58742
003 - CONTROL NUMBER IDENTIFIER
rucl marc code BD-RjUL
005 - DATE AND TIME OF LATEST TRANSACTION
control field 20211209080643.0
008 - FIXED-LENGTH DATA ELEMENTS--GENERAL INFORMATION
fixed length control field 161219s1983 nyua b 001 0 eng
020 ## - INTERNATIONAL STANDARD BOOK NUMBER
International Standard Book Number 046506342X
035 ## - SYSTEM CONTROL NUMBER
System control number (BD-RjUL)58866
040 ## - CATALOGING SOURCE
Original cataloging agency DLC
Transcribing agency DLC
Modifying agency DLC
-- BD-RjUL
Language of cataloging eng
041 ## - LANGUAGE CODE
Language code of text/sound track or separate title eng
082 00 - DEWEY DECIMAL CLASSIFICATION NUMBER
Classification number 332.4
Edition number 23
Author mark and year RIP 1983
100 1# - MAIN ENTRY--PERSONAL NAME
Personal name Ritter, Lawrence S.
9 (RLIN) 174612
245 10 - TITLE STATEMENT
Title Principles of money, banking, and financial markets /
Statement of responsibility, etc. Lawrence S. Ritter, William L. Silber.
250 ## - EDITION STATEMENT
Edition statement 4th rev. ed.
260 ## - PUBLICATION, DISTRIBUTION, ETC. (IMPRINT)
Place of publication, distribution, etc. New York :
Name of publisher, distributor, etc. Basic Books,
Date of publication, distribution, etc. c1983.
300 ## - PHYSICAL DESCRIPTION
Pagination xviii, 619 p. :
Illustrations ill. ;
Size 25 cm.
500 ## - GENERAL NOTE
General note Includes index.
650 #0 - SUBJECT ADDED ENTRY--TOPICAL TERM
Topical term or geographic name as entry element Money.
9 (RLIN) 173782
Topical term or geographic name as entry element Banks and banking.
9 (RLIN) 173228
700 1# - ADDED ENTRY--PERSONAL NAME
Personal name Silber, William L.
942 ## - ADDED ENTRY ELEMENTS (KOHA)
Source of classification or shelving scheme Dewey Decimal Classification
Koha item type Books
Holdings
Lost status Source of classification or shelving scheme Damaged status Not for loan Collection code Permanent Location Current Location Shelving location Date acquired Source of acquisition Cost, normal purchase price Total Checkouts Full call number Date last seen Copy number Koha item type
  Dewey Decimal Classification   Not For Loan Non-fiction Central Library, University of Rajshahi Central Library, University of Rajshahi Reading Room 13/07/1985 Topper Tulip 597.90   332.4 RIP 1983 19/12/2016 C-1 Books